000 00948nam a2200241Ii 4500
003 JO-AjNU
008 230605s9999||||xx |||||||||||||| ||und||
017 _a2007/2/433
020 _a978-9957-02-274-7
040 _aJO-AjNU
_bara
_erda
_cJO-AjNU
041 _aara
050 1 4 _aLB1032.H37 2007
100 3 _aحسنين،حسين محمد,
_eauthor
_922036
245 0 0 _aالتعلم ضمن فرق:الرزمة التدريبية للمعلمين في الوطن العربي 8
250 _aط1
264 3 1 _aعمان:دار مجدلاوي،2007
300 _a220ص
336 _atext
_btxt
_2rdacontent
337 _aunmediated
_bn
_2rdamedia
338 _avolume
_bnc
_2rdacarrier
490 0 _aالرزمة التدريبية للمعلمين في الوطن العربي 8
650 4 _a طرق التدريس. المدرسون-تدريب-البلاد العربية. التعلم . التدريس-البلاد العربية
_922037
999 _aA7755
_c11323
_d11323